000 00320nam a2200121Ia 4500
008 240731s9999 xx 000 0 und d
022 _a1532-2424
245 0 _aTransport Theory and Statistical Physics
260 _bTaylor & Francis
856 _uhttps://www.tandfonline.com/loi/ltty20
942 _2ddc
942 _cTFEJ
999 _c80198
_d80198
945 _a1
_bMadushi Gamage
_c1
_dMadushi Gamage